| 000 | 01695nam a2200229Ia 4500 | ||
|---|---|---|---|
| 008 | 260220t1962||||xx |||||||||||||| ||spa|| | ||
| 040 |
_aPY-SlUNAC _bspa _erda |
||
| 041 | _aspa | ||
| 082 |
_a641.3 _bAn13a |
||
| 245 | 0 | _aAnales de bromatología | |
| 264 |
_aMadrid : _bSociedad Española de Bromatología, _c℗1962. |
||
| 300 | _a1 volumen | ||
| 520 | _aLos "Anales de Bromatología", publicados en 1962 por la Sociedad Española de Bromatología, constituyen una obra fundamental en el estudio de la seguridad alimentaria y la calidad de los alimentos. Este compendio reúne investigaciones y artículos que abordan aspectos cruciales de la bromatología, destacando la importancia de la regulación y control de los alimentos en el contexto español. A través de una serie de contribuciones de expertos en el campo, se exploran temas como la composición química de los alimentos, la detección de contaminantes y la evaluación de riesgos para la salud pública. Además, los anales ofrecen un análisis histórico y científico de la evolución de las prácticas bromatológicas, subrayando la necesidad de establecer estándares que garanticen la inocuidad alimentaria. La obra no solo sirve como referencia académica, sino que también promueve la divulgación del conocimiento en la comunidad científica y entre los profesionales del sector alimentario, contribuyendo al avance de la bromatología en España y más allá. | ||
| 653 | _aBromatología | ||
| 653 | _aNutrición | ||
| 653 | _aSalud pública | ||
| 942 |
_b2026/02/17 _cBK |
||
| 999 |
_c8738 _d8738 |
||